00254pab a2200109 454500008003600000245002100036650001800057650001400075650001300089650002200102773002000124180718b xxu||||| |||| 00| 0 eng d aHIGHER education a Universities a Teachers a Finance aEducation, Higher aUniversity News